[Event "RSA-ch U16 Girls"]
[Site "Gauteng"]
[Date "2017.04.06"]
[Round "3"]
[White "Singh, Pragna"]
[Black "Michaels, Carla Jesse"]
[Result "0-1"]
[WhiteElo "1160"]
[BlackElo "1323"]
[PlyCount "54"]
[EventDate "2017.04.05"]
[EventType "swiss"]
[EventRounds "11"]
[EventCountry "RSA"]
[SourceTitle "CBM 177 Extra"]
[Source "ChessBase"]
[SourceDate "2017.04.27"]
[SourceVersion "1"]
[SourceVersionDate "2017.04.27"]
[SourceQuality "1"]

1. d4 d5 2. e3 e6 3. Bd3 Nf6 4. f4 Nc6 5. a3 Be7 6. Nf3 0-0 7. 0-0 Re8 8. Ne5 Nd7 9. Bxh7+ Kxh7 10. Qh5+ Kg8 11. Qxf7+ Kh8 12. Qh5+ Kg8 13. Nf7 Nf6 14. Nxd8 Nxh5 15. g4 Nxf4 16. Rxf4 Rxd8 17. h3 Bg5 18. Rf2 Nxd4 19. Nc3 Nc6 20. b4 Bf6 21. Bb2 d4 22. Nd1 dxe3 23. Re2 Bxb2 24. Nxb2 Nd4 25. Rh2 Nf3+ 26. Kg2 Nxh2 27. Kxh2 Rd2+ 0-1